01254cam a22003974i 4500003000900000005001700009008004100026020001500067035002700082040003300109082001900142100002700161245007400188264006600262300003900328336002100367337002500388338002300413490006600436504002800502505012400530526001000654526001000664526001000674526001000684526000800694526000800702526000800710526000800718526000800726526000800734526000800742600003100750650003100781650004400812PE-LiUPU20250731172727.0150623s1984 miu rb 000 0 eng d a0943872405 a(Sirsi) i9780943872407 aPE-LiUPUbspacPE-LiUPUerda04a234.7bH362211 aHeinz, Johann,eautor.10aJustification and merit :bLuther vs. Catholicism /cby Johann Heinz. 1aBerrien Springs, Michigan :bAndrews University press,c1984. a459 páginas ;c23 centímetros. atext2rdacontent aunmediated2rdamedia avolume2rdacarrier0 aAndrews University Seminary doctoral dissertation series ;v8 aIncluye bibliografía.0 aLuther and the problem of justification and merit. -The problem of justification and merit in modern catholic theology. aSEG42 aSEG41 aSEG40 aSEG39 aP94 aP87 aP86 aP85 aP77 aP76 aP351 aLutero, Martin.d1483-154604aBuenas obras (Teología).04aJustificación (teología cristiana).